000 00375nam a2200133Ia 4500
008 230917s9999||||xx |||||||||||||| ||und||
040 _e89537
_aMAIN
041 _aEnglish
082 _a378 B219C
100 _aBalvir Singh
245 0 _aComparative study of the values among rural and urban students of post-graduate classes of MDU, Rohtak
300 _a84 p.
942 _cTH
999 _c72552
_d72552